| 000 | 00952cam a2200289 a 4500 | ||
|---|---|---|---|
| 999 |
_c4004 _d4004 |
||
| 001 | 17177638 | ||
| 003 | OSt | ||
| 005 | 20241205114346.0 | ||
| 008 | 120223s2012 paua a 000 1 eng | ||
| 010 | _a 2012000184 | ||
| 020 |
_a9781561487660 _q(hardcover : alk. paper) |
||
| 040 |
_aDLC _cDLC _dDLC _dKH8 |
||
| 042 |
_alcac _apcc |
||
| 082 | 0 | 0 |
_aFIC COR _223 |
| 100 | 1 |
_aCorderoy, Tracey. _eaut. |
|
| 245 | 1 | 0 |
_aIt's mine! / _cTracey Corderoy ; [illustrations by] Caroline Pedler. |
| 246 | 3 | _aIt is mine! | |
| 260 |
_aIntercourse, PA : _bGood Books, _cc2012. |
||
| 300 |
_a1 v. (unpaged) : _bcol. ill. ; _c27 cm. |
||
| 500 | _a"A soft-to-touch book"--Cover. | ||
| 520 | _aBaby Bear loves to play with his friend Lulu, but gets upset when he sees her being rough with his favorite toy, Rory. | ||
| 650 | 1 |
_aSharing _vFiction. |
|
| 650 | 1 |
_aBears _vFiction. |
|
| 650 | 1 |
_aToys _vFiction. |
|
| 700 | 1 |
_aPedler, Caroline, _eill. |
|
| 942 |
_2ddc _cFIC |
||